Scientific research and the Galápagos marine resources reserve : synopsis of a workshop April 20-24 Guayaquil, Ecuador /

Bibliographic Details
Main Author: Gaines, Arthur George
Corporate Author: Woods Hole Oceanographic Institution
Other Authors: Andrade, Hernan Moreano
Format: Book
Language:English
Published: Woods Hole, Mass. : Woods Hole Oceanographic Institution, 1991.
Series:Woods Hole Oceanographic Institution (Series) ; no. 91-41.
Technical report (Woods Hole Oceanographic Institution)
Subjects:

MARC

Tag First Indicator Second Indicator Subfields
LEADER 00000cam a2200000Ia 4500
001 in00002002608
005 20151031124522.0
008 930122s1991 maua b 100 0 eng d
035 |a (OCoLC)ocm27308347 
040 |a RIN  |c RIN  |d OCL  |d TXA  |d UtOrBLW 
049 |a TXAM 
090 |a GC1  |b .W582 no.91-41 
100 1 |a Gaines, Arthur George. 
245 1 0 |a Scientific research and the Galápagos marine resources reserve :  |b synopsis of a workshop April 20-24 Guayaquil, Ecuador /  |c edited by Arthur G. Gaines amd Hernan Moreano Andrade. 
264 1 |a Woods Hole, Mass. :  |b Woods Hole Oceanographic Institution,  |c 1991. 
300 |a x, 199 pages :  |b illustrations ;  |c 28 cm. 
336 |a text  |b txt  |2 rdacontent 
337 |a unmediated  |b n  |2 rdamedia 
338 |a volume  |b nc  |2 rdacarrier 
490 1 |a Woods Hole Oceanographic Institution ;  |v WHOI-91-41.  |a Technical report 
504 |a Includes bibliographical references. 
650 0 |a Environmental protection  |z Galapagos Islands  |v Congresses. 
651 0 |a Galapagos Islands. 
650 0 |a Marine parks and reserves. 
700 1 |a Andrade, Hernan Moreano. 
710 2 |a Woods Hole Oceanographic Institution. 
830 0 |a Woods Hole Oceanographic Institution (Series) ;  |v no. 91-41. 
830 0 |a Technical report (Woods Hole Oceanographic Institution) 
948 |a cataloged  |b h  |c 2004/10/21  |d c  |e jgreene  |f 1:20:24 pm 
994 |a E0  |b TXA 
999 |a MARS 
999 f f |s 6850a426-4534-3d0f-91d0-f69be2240670  |i a8460a07-7532-3080-884f-e92fe4f6a662  |t 0 
952 f f |p ric  |a Texas A&M University  |b Rellis Campus  |c Joint Library Facility  |d Remote Storage  |t 0  |e GC1 .W582 no.91-41  |h Library of Congress classification  |i unmediated -- volume  |m A14832277290 
998 f f |a GC1 .W582 no.91-41  |t 0  |l Remote Storage